Győztes kisfilmek
Elmentve itt :
| Szerző: | |
|---|---|
| Dokumentumtípus: | Cikk |
| Megjelent: |
1967-02-12
|
| Sorozat: | Délmagyarország
57 No. 37 |
| Kulcsszavak: | Szilágyi Attila, Szegvári Gusztáv, Bánki Szilárd, Sasvári Lajos, Horváth Nándor, Oláh Imre, Németh András, Szabó Lajos, Filmvetítés Szeged 1967, Filmművészet amatőr 1967, kisfilm, amatőrfilm |
| Online Access: | http://dmarchiv.bibl.u-szeged.hu/75455 |
| LEADER | 00635nab a2200157 i 4500 | ||
|---|---|---|---|
| 001 | delm75455 | ||
| 005 | 20180928084324.0 | ||
| 008 | 180928s1967 hu o 0|| hun d | ||
| 040 | |a SZTE Délmagyarország Archívum |b hun | ||
| 041 | |a hun | ||
| 100 | 1 | |a Ökrös László | |
| 245 | 1 | 0 | |a Győztes kisfilmek |h [elektronikus dokumentum] / |c Ökrös László |
| 260 | |c 1967-02-12 | ||
| 300 | |a 5 | ||
| 490 | 0 | |a Délmagyarország |v 57 No. 37 | |
| 695 | |a Szilágyi Attila, Szegvári Gusztáv, Bánki Szilárd, Sasvári Lajos, Horváth Nándor, Oláh Imre, Németh András, Szabó Lajos, Filmvetítés Szeged 1967, Filmművészet amatőr 1967, kisfilm, amatőrfilm | ||